Medición y evaluación: en educación, psicología y guidance

Guardat en:
Dades bibliogràfiques
Autor principal: Adams, Georgía Sachs (Autor)
Format: Llibre
Idioma:espanyol
Publicat: Barcelona Herder 1983
Matèries:
Etiquetes: Afegir etiqueta
Sense etiquetes, Sigues el primer a etiquetar aquest registre!

MARC

LEADER 00000nam a2200000 a 4500
001 UCW5817
003 CL-VaPUC
008 910812e19830000SP |||||||||||||||||spa|d
082 0 4 |a 371.26  |b ADA  |2 21 
100 0 |a Adams, Georgía Sachs  |e author  |9 310842 
245 1 0 |a Medición y evaluación: en educación, psicología y guidance 
300 |a 820 p 
942 |c BK 
945 |d 19910812 00:00:00 
260 |a Barcelona  |b Herder  |c 1983 
650 0 |a Mediciones y pruebas educativas  |9 307479 
583 |a last modification  |c 19910812 00:00:00  |k Rodrigo Vera 
999 |c 219137  |d 219135 
952 |0 0  |1 0  |4 0  |6 371_260000000000000_ADA_1983  |7 0  |8 A  |9 209686  |a BIBEDU  |b BIBEDU  |d 2019-11-15  |i 2775751  |o 371.26 ADA 1983  |p 2775751  |r 2019-11-15  |w 2019-11-15  |y BK  |k EDU